=LDR 00000nam 2200000 4500 =001 NUTBA000000000004369 =005 20140911142654.0 =006 =007 =008 =020 ##$$a 978-602-8024-74-7 =035 ##$$a 0010-091400000000402 =040 ##$$a NBPDMAT =082 ##$$a 507 =084 ##$$a 507 Ben i =100 ##$$a Benny N.F =245 ##$$a Ilmu pengetahuan alam untul SMP/MTS kelas VIII semester 2 / $c Benny N.F, Nita P; editor, Setyo Gunawan =260 ##$$a Karang Anyar : $b Pratama Mitra Aksara, $c (s.a) =300 ##$$a 96 hlm. : $b ilus. ; $c 26 cm. =500 ##$$a Bibliografi : hlm. 96 =650 ##$$a SAINS-SMP-SOAL DSB =990 ##$$a 21411057 =990 ##$$a 0001/BPAP-NTB/20142014 =990 ##$$a 0001/BPAP-NTB/20142014 =990 ##$$a 0001/BPAP-NTB/20142014 =990 ##$$a 0001/BPAP-NTB/20142014 =990 ##$$a 0001/BPAP-NTB/20142014